Selling principles and practices

Salvato in:
Dettagli Bibliografici
Autore principale: Buskirk, Richard H.
Altri autori: Buskirk, Bruce D.
Natura: Libro
Lingua:inglese
Pubblicazione: New York MacGraw-Hill, Inc. 1992
Edizione:13. ed.
Soggetti:
Tags: Aggiungi Tag
Nessun Tag, puoi essere il primo ad aggiungerne!!

MARC

LEADER 00000nam a2200000 4500
001 c100551
005 20221123102353.0
020 |a 0-07-009356-3 
041 0 |a eng 
044 |a US 
245 1 0 |a Selling  |b principles and practices  |c Richard H. Buskirk, Bruce D. Buskirk 
250 |a 13. ed. 
264 1 |a New York  |b MacGraw-Hill, Inc.  |c 1992 
300 |a 551 s. 
610 2 0 |a predaj 
610 2 0 |a správanie 
610 2 0 |a správanie organizačné 
610 2 0 |a riadenie predaja 
610 2 0 |a telemarketing 
610 2 0 |a predajcovia 
610 2 0 |a podnikanie 
610 2 0 |a podnikanie drobné 
610 2 0 |a podnikanie malé 
610 2 0 |a podnikanie obchodné 
610 2 0 |a štúdie prípadové 
100 1 |a Buskirk, Richard H. 
700 1 |a Buskirk, Bruce D.